000 00513nam a2200205Ia 4500
003 OSt
005 20260224105342.0
020 _a0-534-49276-2
040 _cLC
050 _aQ 308.2 S 65 2006
100 _aSOLOMON, ELDRA P
245 0 _aBIOLOGY
250 _a7
260 _aNEW ZEALAND,
_bTHOMSON BROOKS/COLE,
_c2006,
300 _aXXXVii, 1108 P, ILL
500 _aINCLUDES BIBLIOGRAPHICAL REFERENCES AND INDEX
650 _a Biology
700 _aBERG LINDA R, MARTIN DIANA W
942 _cBK
_2ddc
999 _c192312
_d192312